00213nam a2200085Ia 4500008004100000100001700041245003700058260002300095260000900118170620s9999 xx 000 0 und d aKapoor - S.K 0aInternational Law & Human Rights bCentral Law Agency c2014